الضوابط الفقهية في قضاء الديون : جمعا ودراسة /
Saved in:
| Main Author: | |
|---|---|
| Other Authors: | |
| Format: | Thesis |
| Language: | Arabic |
| Published: |
al-Mamlakah al-'Arabiyah al-Sa'udiyah :
Jami'at al-Imam Muhammad ibn Sa'ud al-Islamiyah,
2009
|
| Subjects: | |
| Tags: |
Add Tag
No Tags, Be the first to tag this record!
|
| LEADER | 011520000a22002410004500 | ||
|---|---|---|---|
| 008 | 131018s2010 su f 000 0 ara d | ||
| 040 | |a UIAM |b eng | ||
| 041 | |a ara | ||
| 050 | 4 | |a BP158.6.P222 | |
| 100 | 1 | |a مري، علي بن صالح | |
| 242 | 1 | 3 | |a al-Dawabit al-fiqhiyah fi qada' al-duyun : |b jam'an wa dirasah |
| 245 | 1 | 2 | |a الضوابط الفقهية في قضاء الديون : |b جمعا ودراسة / |c علي بن صالح المري |
| 260 | |a al-Mamlakah al-'Arabiyah al-Sa'udiyah : |b Jami'at al-Imam Muhammad ibn Sa'ud al-Islamiyah, |c 2009 | ||
| 300 | |a 114 leaves ; |c 30 cm. | ||
| 500 | |a "بحث تكميلي مقدم لنيل درجة الماجستير" --On t.p. | ||
| 502 | |a Thesis (M.A.)--Jami'at al-Imam Muhammad ibn Sa'ud al-Islamiyah, 2009. | ||
| 504 | |a Includes bibliographical references (leaves 94-105) and index. | ||
| 596 | |a 1 | ||
| 655 | |a Theses, Facsimile edition (Islamic) | ||
| 700 | 1 | |a Murri, 'Ali ibn Salih | |
| 900 | |a arf-lfr | ||
| 999 | |c 437539 |d 469345 | ||
| 952 | |0 0 |6 TI BP 000158.6 P222 M984D 2009 |7 0 |8 THESES |9 759232 |a IIUM |b IIUM |c MULTIMEDIA |g 0.00 |o ti BP158.6 P222 M984D 2009 |p 00011285460 |r 2017-10-23 |t 1 |v 0.00 |y THESIS | ||
